<?xml version="1.0" encoding="UTF-8"?><?xml-stylesheet type="text/xsl" href="static/style.xsl"?><OAI-PMH xmlns="http://www.openarchives.org/OAI/2.0/" xmlns:xsi="http://www.w3.org/2001/XMLSchema-instance" xsi:schemaLocation="http://www.openarchives.org/OAI/2.0/ http://www.openarchives.org/OAI/2.0/OAI-PMH.xsd"><responseDate>2026-04-17T09:17:31Z</responseDate><request verb="GetRecord" identifier="oai:riubu.ubu.es:10259/8548" metadataPrefix="marc">https://riubu.ubu.es/oai/request</request><GetRecord><record><header><identifier>oai:riubu.ubu.es:10259/8548</identifier><datestamp>2024-02-02T01:05:24Z</datestamp><setSpec>com_10259_4219</setSpec><setSpec>com_10259_5086</setSpec><setSpec>com_10259_2604</setSpec><setSpec>col_10259_4220</setSpec></header><metadata><record xmlns="http://www.loc.gov/MARC21/slim" xmlns:doc="http://www.lyncode.com/xoai" xmlns:xsi="http://www.w3.org/2001/XMLSchema-instance" xmlns:dcterms="http://purl.org/dc/terms/" xsi:schemaLocation="http://www.loc.gov/MARC21/slim http://www.loc.gov/standards/marcxml/schema/MARC21slim.xsd">
<leader>00925njm 22002777a 4500</leader>
<datafield tag="042" ind1=" " ind2=" ">
<subfield code="a">dc</subfield>
</datafield>
<datafield tag="720" ind1=" " ind2=" ">
<subfield code="a">Checa Cruz, David</subfield>
<subfield code="e">author</subfield>
</datafield>
<datafield tag="720" ind1=" " ind2=" ">
<subfield code="a">Martínez García, Kim</subfield>
<subfield code="e">author</subfield>
</datafield>
<datafield tag="720" ind1=" " ind2=" ">
<subfield code="a">Osornio-Ríos, Roque Alfredo</subfield>
<subfield code="e">author</subfield>
</datafield>
<datafield tag="720" ind1=" " ind2=" ">
<subfield code="a">Bustillo Iglesias, Andrés</subfield>
<subfield code="e">author</subfield>
</datafield>
<datafield tag="260" ind1=" " ind2=" ">
<subfield code="c">2021-11</subfield>
</datafield>
<datafield tag="520" ind1=" " ind2=" ">
<subfield code="a">Este trabajo analiza las posibilidades de la Realidad Virtual Inmersiva (RVI) en la formación en prevención de riesgos laborales en la industria manufacturera actual. En primer lugar, se presenta un marco general con aspectos clave que hay que considerar en el diseño de experiencias RVI. En segundo lugar, se presentan dos ejemplos concretos ya validados experimentalmente, para demostrar la utilidad de este esquema para la detección de riesgos laborales. En el primero de ellos, el trabajador puede controlar en primera persona un puente grúa en un entorno virtual realista, tanto por la calidad visual como por la forma de movimiento de los objetos y cargas; además de realizar distintas operaciones críticas tanto por el nivel sonoro del entorno, iluminación, interacción con otros trabajadores y, en especial, por el equilibrado y geometría de las cargas a transportar. En estas condiciones debe realizar distintas tareas habituales (carga, movimiento, descarga de piezas…) y atender a la prevención de accidentes. En el segundo, el trabajador debe desplazarse por una fábrica e identificar situaciones de riesgo, así como tomar las medidas correctivas apropiadas. Mientras que en la primera aplicación el usuario interactúa con el entorno virtual utilizando una botonera real de puente grúa para aumentar su inmersión, en el segundo se utilizan mandos estándar de RVI por su facilidad para simular la interacción con objetos virtuales. En ambos casos un sistema de adquisición de datos, tanto de posicionamiento como de control de la mirada, permiten al formador proporcionar rápidamente al usuario retroalimentación sobre su rendimiento y los puntos de mejora observados.</subfield>
</datafield>
<datafield tag="520" ind1=" " ind2=" ">
<subfield code="a">This work discuss the possibilities of Immersive Virtual Reality (iVR) environments in occupational risk prevention in the manufacturing industry. Firstly, a framework for iVR experiences design is presented. Secondly, two examples to demonstrate the usefulness of this scheme for the detection of occupational hazards are discussed. In the first one, the worker controls an overhead crane in a realistic iVR environment. Realism is searched to intensify user´s presence in the iVR and, therefore, learning effectiveness. Visual quality is maximized and natural movements and load´s inertias are programmed with this objective. The user performs different critical operations in this application. The tasks becomes more complex while the user gets used to the iVR serious game: noise level, bad lighting, presence of other workers in the working area and, especially, load unbalance. Under these conditions, the user must carry out different common tasks while avoiding accidents. In the second one, the worker moves through a factory and identifies different risk situations, taking the corresponding corrective measures. While in the first application, the user interacts with the virtual environment using a real overhead crane keypad to increase his immersion, in the second one a standard iVR interface is used, because it simulates in a natural way the interaction with virtual objects. In both cases, a data acquisition system, including positioning and eyetracking, allows the trainer to directly provide feedback to the user on his performance.</subfield>
</datafield>
<datafield tag="024" ind2=" " ind1="8">
<subfield code="a">0012-7361</subfield>
</datafield>
<datafield tag="024" ind2=" " ind1="8">
<subfield code="a">http://hdl.handle.net/10259/8548</subfield>
</datafield>
<datafield tag="024" ind2=" " ind1="8">
<subfield code="a">10.6036/10241</subfield>
</datafield>
<datafield tag="024" ind2=" " ind1="8">
<subfield code="a">1989-1490</subfield>
</datafield>
<datafield ind1=" " ind2=" " tag="653">
<subfield code="a">Realidad virtual</subfield>
</datafield>
<datafield ind1=" " ind2=" " tag="653">
<subfield code="a">Prevención de riesgos laborales</subfield>
</datafield>
<datafield ind1=" " ind2=" " tag="653">
<subfield code="a">Industria 4.0</subfield>
</datafield>
<datafield ind1=" " ind2=" " tag="653">
<subfield code="a">Puente grúa</subfield>
</datafield>
<datafield ind1=" " ind2=" " tag="653">
<subfield code="a">Juegos educativos</subfield>
</datafield>
<datafield ind1=" " ind2=" " tag="653">
<subfield code="a">Virtual reality</subfield>
</datafield>
<datafield ind1=" " ind2=" " tag="653">
<subfield code="a">Occupational risk prevention</subfield>
</datafield>
<datafield ind1=" " ind2=" " tag="653">
<subfield code="a">Industry 4.0</subfield>
</datafield>
<datafield ind1=" " ind2=" " tag="653">
<subfield code="a">Overhead crane</subfield>
</datafield>
<datafield ind1=" " ind2=" " tag="653">
<subfield code="a">Educational games</subfield>
</datafield>
<datafield tag="245" ind1="0" ind2="0">
<subfield code="a">Posibilidades de la realidad virtual en la reducción de accidentes laborales en la Industria 4.0</subfield>
</datafield>
</record></metadata></record></GetRecord></OAI-PMH>